000 00457nam a2200169Ia 4500
003 GCL
008 140319s9999 xx 000 0 ara d
040 _aGCL /
_cGCL
082 0 4 _a928
_bز ع
100 1 _aزكى مبارك
245 1 0 _aعبقرية الشريف الرضى /
_cزكى مبارك
490 _a
650 0 4 _aالشعراء العرب
650 0 4 _aالادباء
650 0 4 _aالادباء العرب - تراجم
942 _2ddc
_cBK
999 _c39159
_d39159